Basic Electrical and Electronics Engineering (Record no. 227743)

MARC details
000 -LEADER
fixed length control field 00499nam a2200193Ia 4500
008 - FIXED-LENGTH DATA ELEMENTS--GENERAL INFORMATION
fixed length control field 240823s9999||||xx |||||||||||||| ||und||
082 ## - DEWEY DECIMAL CLASSIFICATION NUMBER
-- 621.3 Q6
100 ## - MAIN ENTRY--PERSONAL NAME
Personal name Muthusubramanian R
245 #0 - TITLE STATEMENT
Title Basic Electrical and Electronics Engineering
250 ## - EDITION STATEMENT
Edition statement 1st
260 ## - PUBLICATION, DISTRIBUTION, ETC. (IMPRINT)
Date of publication, distribution, etc 2016
Name of publisher, distributor, etc McGraw Hill Educ
500 ## - GENERAL NOTE
General note TRANSFERED
650 ## - SUBJECT ADDED ENTRY--TOPICAL TERM
Topical term or geographic name as entry element Electrical and Electronics Eng
700 ## - ADDED ENTRY--PERSONAL NAME
Personal name Salivahanan S
942 ## - ADDED ENTRY ELEMENTS (KOHA)
Item type Books
Holdings
Withdrawn status Lost status Damaged status Permanent location Current location Shelving location Date acquired Source of acquisition Full call number Barcode Date last seen Koha item type
      CENTRAL LIBRARY, NOORUL ISLAM CENTRE FOR HIGHER EDUCATION CENTRAL LIBRARY, NOORUL ISLAM CENTRE FOR HIGHER EDUCATION   10/24/2017 "Books On Wheels, Tirunelveli" 621.3 Q6 76229 08/23/2024 Books
Visitors:
Copyright © 2024 Central Library NICHE.  All rights reserved.